| 000 | 01959nam0a2200325 4500 | ||
|---|---|---|---|
| 001 | RU\NLR\bibl\1453283 | ||
| 005 | 20260407212938.0 | ||
| 010 |
_a978-5-7433-2108-7 _9100 |
||
| 021 |
_aRU _b2009-86462 _95444 |
||
| 035 | _a(NLR Aleph) 001445091 | ||
| 090 |
_a1487476 _c1487476 |
||
| 100 | _a20091217d2009 |||y0rusy50 ca | ||
| 101 | 0 | _arus | |
| 102 | _aRU | ||
| 105 | _ay ||||||||| | ||
| 200 | 1 |
_aАрхитектурное наследие Саратовской области: история и современность _eсборник научных трудов II областной научно-практической конференции _f[редкол.: к. арх. С. Ф. Дядченко (отв. ред.) и др.] |
|
| 210 |
_aСаратов _cСаратовский государственный технический университет _d2009 |
||
| 215 |
_a137 с. _d20 |
||
| 300 | _aВ надзаг.: М-во образования и науки Рос. Федерации, Федер. агентство по образованию, Саратов. гос. техн. ун-т | ||
| 320 | _aБиблиогр. в конце докл. | ||
| 606 | 1 |
_aАрхитектура русская _jСъезды, совещания и т.п. _yСаратовская область _91041553 _3RU\NLR\auth\6683226 |
|
| 686 | _aЩ113(2Р=Рус)99Саратовская обл. я431 | ||
| 702 | 1 |
_aДядченко _bС. Ф. _gСергей Федорович _4340 |
|
| 711 | 1 | 2 |
_a"Архитектурное наследие Саратовской области: история и современность", областная научно-практическая конференция _d2 _eСаратов _f2009 _9779333 _3RU\NLR\AUTH\8810142307 |
| 801 | 0 |
_aRU _bNLR _c20091217 _gRCR |
|
| 801 | 1 |
_aRU _bNLR _c20091217 |
|
| 942 | _cBOOK | ||
| 980 | _aNB | ||